000
00261nam a2200121Ia 4500
082
_a
612.015
_b
M08S
100
_a
SHARMA, D.C.
245
_a
MCQ'S IN BIOCHEMISTRY
250
_a
1ST
260
_b
AITBS
_a
DELHI
_c
2008
650
_a
BIOCHEMISTRY
942
_2
ddc
_c
BK
_0
3
999
_c
1116
_d
1116